Código nacional de recursos naturales : (Registro nro. 20165)

Detalles MARC
000 -LEADER
fixed length control field 01640nam a2200301 4500
001 - CONTROL NUMBER
control field 0000021062
003 - CONTROL NUMBER IDENTIFIER
control field CO-CtgCURN
005 - DATE AND TIME OF LATEST TRANSACTION
control field 20250514202848.0
007 - PHYSICAL DESCRIPTION FIXED FIELD--GENERAL INFORMATION
fixed length control field ta
008 - FIXED-LENGTH DATA ELEMENTS--GENERAL INFORMATION
fixed length control field 160627s2005 000 0 eng d
020 ## - INTERNATIONAL STANDARD BOOK NUMBER
International Standard Book Number 9586907597
040 ## - CATALOGING SOURCE
Original cataloging agency CO-CtgCURN
Language of cataloging spa
Transcribing agency coctgcurn
082 0# - DEWEY DECIMAL CLASSIFICATION NUMBER
Classification number 346.044
Item number E72c
100 1# - MAIN ENTRY--PERSONAL NAME
Personal name Escallon Ortíz, Miguel Angel.
245 10 - TITLE STATEMENT
Title Código nacional de recursos naturales :
Remainder of title anotado /
Statement of responsibility, etc. compilado, concordado y anotado Miguel Angel Escallon Ortíz.
250 ## - EDITION STATEMENT
Edition statement 12a ed.
260 ## - PUBLICATION, DISTRIBUTION, ETC.
Place of publication, distribution, etc. Bogotá :
Name of publisher, distributor, etc. Leyer,
Date of publication, distribution, etc. 2005.
300 ## - PHYSICAL DESCRIPTION
Extent 523 p.
336 ## - CONTENT TYPE
Source rdacontent
337 ## - MEDIA TYPE
Source rdamedia
Media type term sin mediacion
Media type code n
338 ## - CARRIER TYPE
Source rdacarrier
Carrier type term volumen
Carrier type code nc
505 8# - FORMATTED CONTENTS NOTE
Formatted contents note Definicion y normas generales de política ambiental.--De los asuntos ambientales de ambito o influencia internacionales.--Medios de desarrollo de la política ambiental.--Adquisicion de bienes.--Adquisicion de derechos de uso de los recursos naturales de dominio publico.--Ambiente sano.--Ambiente de aplicacion.--Atmosfera.--Bienes de estado.--De los asuntos ambientales de ambito o influencia internacionales.--De las normas de preservacion ambiental relativas a elementos ajenos a los recursos naturales.--Propiedad uso e influencia de los recursos naturales.--De la admosfera y del espacio aereo.--De las aguas no maritimas.--De los recursos energetico primarios.--De la tierra y el suelos
650 14 - SUBJECT ADDED ENTRY--TOPICAL TERM
Topical term or geographic name entry element Recursos naturales
Form subdivision Legislacion
Geographic subdivision Colombia.
700 1# - ADDED ENTRY--PERSONAL NAME
Personal name Escallon Ortíz, Miguel Angel.
908 ## - PUT COMMAND PARAMETER (RLIN)
Put command parameter 160627
942 ## - ADDED ENTRY ELEMENTS (KOHA)
Koha item type Libros
Classification part 346.044
Item part E72c
Source of classification or shelving scheme Dewey Decimal Classification
Suppress in OPAC No
Existencias
Withdrawn status Lost status Source of classification or shelving scheme Damaged status Not for loan Collection Home library Current library Shelving location Date acquired Inventory number Total checkouts Full call number Barcode Date last seen Copy number Price effective from Koha item type Public note
    Dewey Decimal Classification     General Miguel Henríquez Castañeda Miguel Henríquez Castañeda General 03/31/2025 005188   346.044 E72c 005188 03/31/2025 ej.1 03/31/2025 Libros 340-DEREC